[Event "blitz-d14"]
[Site "?"]
[Date "2021.08.27"]
[Round "13.8"]
[White "Pastuszko, Katarzyna"]
[Black "Nowak, Zuzanna"]
[Result "1-0"]
[BlackElo "1150"]
[WhiteElo "1225"]
[LiveChessVersion "1.4.4"]

1. e4 {[%clk 0:03:03]} e5 {[%clk 0:03:04]} 2. Nf3 {[%clk 0:03:04]} Nc6
{[%clk 0:03:05]} 3. Bc4 {[%clk 0:03:05]} Nf6 {[%clk 0:03:06]} 4. d3
{[%clk 0:03:06]} Bc5 {[%clk 0:03:07]} 5. c3 {[%clk 0:03:03]} d6 {[%clk 0:03:08]}
6. Nbd2 {[%clk 0:03:04]} Bg4 {[%clk 0:03:07]} 7. h3 {[%clk 0:03:04]} Be6
{[%clk 0:03:08]} 8. Bb3 {[%clk 0:03:02]} Bb6 {[%clk 0:03:06]} 9. Nf1
{[%clk 0:02:58]} O-O {[%clk 0:03:06]} 10. Ng3 {[%clk 0:02:58]} Re8
{[%clk 0:02:53]} 11. O-O {[%clk 0:02:52]} h6 {[%clk 0:02:39]} 12. Be3
{[%clk 0:02:51]} Qe7 {[%clk 0:02:37]} 13. Qd2 {[%clk 0:02:44]} Rad8
{[%clk 0:02:33]} 14. Nf5 {[%clk 0:02:44]} Bxf5 {[%clk 0:02:31]} 15. exf5
{[%clk 0:02:45]} Qd7 {[%clk 0:02:32]} 16. Bxh6 {[%clk 0:02:20]} gxh6
{[%clk 0:02:24]} 17. Qxh6 {[%clk 0:02:02]} Qxf5 {[%clk 0:02:24]} 18. Nh4
{[%clk 0:02:02]} Qxd3 {[%clk 0:01:46]} 19. Qxf6 Qh7 {[%clk 0:01:42]} 20. Nf5
{[%clk 0:01:50]} d5 {[%clk 0:01:37]} 21. Nh6+ {[%clk 0:01:43]} Kf8
{[%clk 0:01:34]} 22. Bc2 {[%clk 0:01:38]} Qg7 {[%clk 0:01:18]} 23. Qxg7+
{[%clk 0:01:34]} Kxg7 {[%clk 0:01:19]} 24. Nf5+ {[%clk 0:01:36]} Kg8
{[%clk 0:01:14]} 25. Kh1 {[%clk 0:01:35]} Re6 {[%clk 0:01:14]} 26. Rae1
{[%clk 0:01:28]} e4 {[%clk 0:01:12]} 27. Ng3 {[%clk 0:01:10]} Rf6
{[%clk 0:01:09]} 28. f3 {[%clk 0:01:06]} exf3 {[%clk 0:01:06]} 29. gxf3
{[%clk 0:01:05]} Rh6 {[%clk 0:01:00]} 30. Bf5 {[%clk 0:01:03]} Rf6
{[%clk 0:00:55]} 31. Bg4 {[%clk 0:01:04]} Rg6 {[%clk 0:00:54]} 32. Re2
{[%clk 0:01:00]} Rdd6 {[%clk 0:00:52]} 33. Rfe1 {[%clk 0:00:56]} Rh6
{[%clk 0:00:52]} 34. Re8+ {[%clk 0:00:57]} Kh7 {[%clk 0:00:52]} 35. Rf8
{[%clk 0:00:53]} Rdf6 {[%clk 0:00:43]} 36. Ree8 {[%clk 0:00:50]} Rf4
{[%clk 0:00:35]} 37. Rh8+ {[%clk 0:00:45]} Kg7 38. Nf5+ {[%clk 0:00:45]} Rxf5
{[%clk 0:00:34]} 39. Rxh6 {[%clk 0:00:42]} Rxf3 {[%clk 0:00:29]} 40. Bxf3 Kxh6
41. Rf8 {[%clk 0:00:36]} Kg6 {[%clk 0:00:31]} 42. h4 {[%clk 0:00:35]} Ne5
{[%clk 0:00:32]} 43. h5+ {[%clk 0:00:35]} Kf6 {[%clk 0:00:30]} 44. Be2
{[%clk 0:00:35]} Be3 {[%clk 0:00:30]} 45. Kg2 {[%clk 0:00:31]} Bh6
{[%clk 0:00:29]} 46. Rh8 {[%clk 0:00:32]} Kg7 {[%clk 0:00:30]} 47. Rc8
{[%clk 0:00:33]} c6 {[%clk 0:00:30]} 48. Rc7 {[%clk 0:00:34]} Bf4
{[%clk 0:00:28]} 49. Rxb7 {[%clk 0:00:35]} Kh6 {[%clk 0:00:26]} 50. Rxa7
{[%clk 0:00:35]} Bc1 {[%clk 0:00:26]} 51. b4 {[%clk 0:00:36]} Bd2
{[%clk 0:00:25]} 52. a4 {[%clk 0:00:35]} Bxc3 {[%clk 0:00:25]} 53. b5
{[%clk 0:00:36]} cxb5 {[%clk 0:00:22]} 54. axb5 Bd4 {[%clk 0:00:22]} 55. Ra8
{[%clk 0:00:36]} Bb6 {[%clk 0:00:21]} 56. Rb8 {[%clk 0:00:37]} Bd4
{[%clk 0:00:21]} 57. b6 {[%clk 0:00:37]} Nc6 {[%clk 0:00:22]} 58. Rc8
{[%clk 0:00:38]} Ne7 {[%clk 0:00:17]} 59. Re8 {[%clk 0:00:38]} Nf5
{[%clk 0:00:12]} 60. b7 {[%clk 0:00:38]} Nd6 {[%clk 0:00:12]} 61. b8=Q
{[%clk 0:00:38]} Nxe8 {[%clk 0:00:12]} 62. Qxe8 {[%clk 0:00:38]} Kg7
{[%clk 0:00:10]} 63. Qd7 {[%clk 0:00:37]} Bf6 {[%clk 0:00:11]} 64. Qxd5
{[%clk 0:00:37]} Bb2 {[%clk 0:00:11]} 65. Qg5+ {[%clk 0:00:37]} Kh7
{[%clk 0:00:11]} 66. h6 {[%clk 0:00:38]} Bc3 {[%clk 0:00:12]} 67. Bd3+
{[%clk 0:00:39]} Kh8 {[%clk 0:00:12]} 68. Qd8# {[%clk 0:00:39]} 1-0

[Event "blitz-d14"]
[Site "?"]
[Date "2021.08.27"]
[Round "13.9"]
[White "Pietryk, Joanna"]
[Black "Sliwicka, Weronika"]
[Result "0-1"]
[BlackElo "1203"]
[WhiteElo "1196"]
[LiveChessVersion "1.4.4"]

1. e4 c5 2. Nf3 e6 3. d4 cxd4 4. Nxd4 a6 5. c4 Qc7 6. Nc3 Nf6 7. Be3 Bb4 8. f3
O-O 9. Qc2 Nc6 10. Be2 Bc5 11. Qd2 e5 12. Nf5 Bxe3 13. Nxe3 Nd4 14. Ned5 Nxd5 15.
Nxd5 Qd6 16. Bd3 b6 17. O-O Bb7 18. Rac1 Bxd5 19. cxd5 b5 20. f4 Qb6 21. Kh1 f6
22. Qf2 Qa5 23. b3 d6 24. Qg3 Qxa2 25. fxe5 fxe5 26. Rxf8+ Rxf8 27. Qe3 Qf2 28.
Qxf2 Rxf2 29. Kg1 Rd2 30. Bb1 Nxb3 31. Rc8+ Kf7 32. Rc7+ Kg6 33. Ra7 Rd1+ 34. Kf2
Rxb1 35. Rxa6 Nd4 36. Rxd6+ Kg5 37. Rd7 Kg6 38. d6 Rb2+ 39. Kg3 Rb3+ 40. Kg4 h5+
41. Kh4 Re3 42. Re7 Rxe4+ 43. Kg3 Nf5+ 44. Kf3 Rf4+ 45. Ke2 Nxe7 46. dxe7 Kf7 47.
g3 Rb4 48. Kd3 Kxe7 49. Kc3 Rc4+ 50. Kb3 e4 51. Kb2 e3 52. g4 e2 53. gxh5 e1=Q
54. h6 gxh6 55. h4 Qc1+ 56. Kb3 Qc3+ 57. Ka2 Ra4+ 58. Kb1 Ra1# 0-1

[Event "blitz-d14"]
[Site "?"]
[Date "2021.08.27"]
[Round "13.10"]
[White "Zalewska, Malgorzata"]
[Black "Kawa, Anna"]
[Result "0-1"]
[BlackElo "1115"]
[WhiteElo "1259"]
[LiveChessVersion "1.4.4"]

1. e4 g6 2. d4 {[%clk 0:03:01]} Bg7 {[%clk 0:03:04]} 3. Nc3 c6 4. f3
{[%clk 0:03:02]} d5 {[%clk 0:03:05]} 5. e5 {[%clk 0:03:03]} Nd7 {[%clk 0:03:01]}
6. Be3 f6 7. e6 {[%clk 0:03:03]} Nf8 {[%clk 0:03:03]} 8. Nge2 {[%clk 0:03:03]}
Nxe6 {[%clk 0:03:04]} 9. Ng3 {[%clk 0:03:04]} Nc7 {[%clk 0:02:58]} 10. Bd3
{[%clk 0:03:04]} f5 {[%clk 0:02:53]} 11. f4 {[%clk 0:03:04]} Nf6 {[%clk 0:02:54]}
12. Qd2 {[%clk 0:03:04]} O-O {[%clk 0:02:54]} 13. h3 {[%clk 0:03:04]} Ne4
{[%clk 0:02:53]} 14. Ngxe4 {[%clk 0:03:02]} dxe4 {[%clk 0:02:54]} 15. Bc4+
{[%clk 0:03:02]} Nd5 {[%clk 0:02:51]} 16. Bxd5+ {[%clk 0:02:53]} cxd5
{[%clk 0:02:50]} 17. Rg1 {[%clk 0:02:51]} Be6 {[%clk 0:02:47]} 18. g4
{[%clk 0:02:45]} Rc8 {[%clk 0:02:24]} 19. g5 {[%clk 0:02:41]} Bf7
{[%clk 0:02:24]} 20. h4 {[%clk 0:02:39]} Qb6 {[%clk 0:02:24]} 21. O-O-O
{[%clk 0:02:23]} Rc7 {[%clk 0:02:21]} 22. h5 {[%clk 0:02:21]} Rfc8
{[%clk 0:02:16]} 23. hxg6 {[%clk 0:02:16]} Bxg6 {[%clk 0:02:16]} 24. Nxd5
{[%clk 0:02:03]} Rxc2+ {[%clk 0:02:17]} 25. Qxc2 {[%clk 0:02:03]} Rxc2+
{[%clk 0:02:18]} 26. Kxc2 {[%clk 0:02:03]} Qc6+ {[%clk 0:02:09]} 27. Nc3
{[%clk 0:02:04]} e6 {[%clk 0:02:08]} 28. Kb1 {[%clk 0:01:54]} Bh5
{[%clk 0:01:46]} 29. Rc1 {[%clk 0:01:54]} Qc4 {[%clk 0:01:43]} 30. Ka1
{[%clk 0:01:42]} Qd3 {[%clk 0:01:43]} 31. Rge1 {[%clk 0:01:32]} Bxd4
{[%clk 0:01:37]} 32. Bxd4 {[%clk 0:01:32]} Qxd4 {[%clk 0:01:38]} 33. Nb5
{[%clk 0:01:19]} Qb6 {[%clk 0:01:33]} 34. Nc3 {[%clk 0:01:10]} Bf3
{[%clk 0:01:23]} 35. Ne2 {[%clk 0:00:35]} Qd6 {[%clk 0:01:04]} 36. Ng1
{[%clk 0:00:24]} Qxf4 {[%clk 0:01:00]} 37. Nxf3 {[%clk 0:00:24]} Qxf3
{[%clk 0:00:59]} 38. Rc8+ {[%clk 0:00:17]} Kg7 {[%clk 0:01:00]} 39. Rc7+
{[%clk 0:00:18]} Kg6 {[%clk 0:01:02]} 40. Rxb7 {[%clk 0:00:17]} e3
{[%clk 0:01:02]} 41. Rc7 {[%clk 0:00:15]} f4 {[%clk 0:00:53]} 42. Rcc1
{[%clk 0:00:14]} Kxg5 {[%clk 0:00:52]} 43. Rg1+ {[%clk 0:00:15]} Kf5
{[%clk 0:00:53]} 44. Rgf1 {[%clk 0:00:15]} Qg4 {[%clk 0:00:52]} 45. Rg1
{[%clk 0:00:15]} Qe2 {[%clk 0:00:49]} 46. Rge1 {[%clk 0:00:14]} Qb5
{[%clk 0:00:50]} 47. Rc3 {[%clk 0:00:08]} e5 {[%clk 0:00:49]} 48. Rec1
{[%clk 0:00:08]} h5 {[%clk 0:00:48]} 49. Rc5 {[%clk 0:00:08]} Qxc5
{[%clk 0:00:29]} 50. Rxc5 {[%clk 0:00:09]} e2 {[%clk 0:00:29]} 51. Rc1
{[%clk 0:00:09]} f3 52. Rf1 0-1